MARC

LEADER 00000nam0a2200000 4500
001 254944
005 20231101233000.0
010 |a 5401004753 
020 |a RU  |b 89-55459 
035 |a (RuTPU)RU\TPU\book\277446 
090 |a 254944 
100 |a 20140325d1989 m y0rusy5003 ca 
101 0 |a rus 
102 |a LV 
105 |a y z 001zy 
200 1 |a Полвека истории Латвии глазами немцев (конец XIX в. - 1945 г.)  |f П. Я. Крупников 
210 |a Рига  |c Авотс  |d 1989 
215 |a 315,[2] с.  |d 17 см 
320 |a Библиогр.: с. 297-316 (334 назв.) 
606 1 |a Латвия  |x История  |2 stltpush  |3 (RuTPU)RU\TPU\subj\67978  |9 83541 
610 1 |a латышско-немецкие отношения 
610 1 |a история 
610 1 |a 19 век 
610 1 |a 20 век 
610 1 |a историография 
610 1 |a Германия 
610 1 |a Курляндия 
610 1 |a Прибалтика 
610 1 |a интервенция 
610 1 |a Гражданская война 1918-1921 
686 |a Т3(4Лат)  |2 rubbk 
700 1 |a Крупников  |b П. Я.  |g Петр Яковлевич 
801 0 |a RU  |b RuMRKP  |c 19950417  |g psbo 
801 1 |a RU  |b 63413507  |c 20140325 
801 2 |a RU  |b 63413507  |c 20140621  |g RCR 
942 |c BK